000 02036nam a22004697a 4500
001 1144922889
003 OCoLC
005 20210419081451.0
008 200316s2020 nyua ob 000 0 eng d
020 _a9781260454260
020 _z1260454266
035 _a(OCoLC)1144922889
040 _aPFM
_beng
_erda
_epn
_cPFM
_dINM
_dOCLCO
_dYYE
049 _aYYEA
_aVZYM
080 _a614
_bB-69
099 _aINTERNET LINK
100 1 _aBodenheimer, Thomas.
245 1 0 _aUnderstanding health policy
_h[electronic resource] :
_ba clinical approach /
_cThomas Bodenheimer, Kevin Grumbach.
250 _a8th ed.
260 _aNew York :
_bMcGraw-Hill Education,
_c2020.
300 _a1 online resource : 228 p.
_bcolor illustrations.
_cill
365 _b30.82 usd
500 _a"A Lange medical book."
500 _a"ISSN 1080-9465"--Copyright.
500 _aEINSTEIN & MMC: available online via AccessMedicine. See Reference staff for assistance.
504 _aIncludes bibliographical references.
520 _a"Understanding Health Policy: A Clinical Approach is a book about health policy as well as individual patients and caregivers and how they interact with each other and with the overall health system."--Preface.
588 0 _aDescription based on print version record.
650 2 _aHealth Policy.
650 2 _aHealth Care Costs.
650 2 _aHealth Care Rationing.
650 2 _aNational Health Insurance, United States.
653 _aჯანდაცვა
653 _aჯანდაცვის პოლიტიკა
655 7 _aElectronic books.
700 1 _aGrumbach, Kevin.
700 _aBodenheimer,thomas
_9203
710 2 _aAccessMedicine (Online Service)
856 4 0 _3AccessMedicine
_uhttps://elibrary.einsteinmed.org/login?url=https://accessmedicine.mhmedical.com/book.aspx?bookid=2853
_zEINSTEIN: AccessMedicine ebook collection
856 4 1 _3AccessMedicine
_uhttps://accessmedicine.mhmedical.com/book.aspx?bookid=2853
_zMMC: AccessMedicine ebook collection
942 _2udc
_cBK
999 _c321
_d321